00426nam a2200157Ia 4500008004100000020001800041082001200059100002500071245004000096250000800136260004200144300002300186500001900209600002000228650002000248240925s9999 xx 000 0 und d a9789332579439 a339 MIS aMishkin, Frederic S. 0aMacroeconomics: policy and practice a2nd aNew Delhi:bPearson Educationc,2017. a248p.b0fOriginal aIncludes Index aSocial Sciences aSocial Sciences